I Ran (So Far Away) Lyrics - Statistics

General Stats
  • This quiz has been taken 63 times
  • The average score is 22 of 28
Answer Stats
Lyrics % Correct
I never thought I'd meet a {girl} like you
98%
Meet a {girl} like you
98%
I walked along the {avenue}
96%
And I ran, {I} {ran} {so} {far} {away}
94%
And I ran, {I} {ran} {so} {far} {away}
94%
And I ran, {I} {ran} {so} {far} {away}
94%
And I ran, {I} {ran} {so} {far} {away}
94%
I just ran, I ran {all} {night} {and} {day}
85%
I just ran, I ran {all} {night} {and} {day}
85%
I just ran, I ran {all} {night} {and} {day}
85%
A beam of light comes {shining} down on you
81%
{I} {couldn't} {get} {away}
81%
{I} {couldn't} {get} {away}
81%
I just ran, {I} {couldn't} {get} {away}
81%
{Shining} down on you
81%
Reached out a hand to touch your {face}
77%
{Hypnotize} me through
70%
The kind of eyes that {hypnotize} me through
70%
With {auburn} hair and tawny eyes
70%
A {beam} of light with you
68%
I'm floating in a {beam} of light with you
68%
A {cloud} appears above your head
66%
{'Pearing} from my view
66%
The {cloud} is moving nearer still
66%
{Aurora} {borealis} comes in view
64%
{Aurora} comes in view
64%
You're slowly {disappearing} from my view
64%
Reached out a hand to {try} {again}
49%
No matching quizzes found
Score Distribution
Percent of People with Each Score
Percentile by Number Answered
Your Score History
You have not taken this quiz